[Event "Open"]
[Site "Maastricht, NL"]
[Date "2024.05.20"]
[Round "7"]
[White "Fromm, Marius"]
[Black "Warmerdam, Max"]
[Result "0-1"]
[Board "2"]
[WhiteFideId "12993190"]
[BlackFideId "1048104"]
[WhiteTitle "IM"]
[BlackTitle "GM"]
[WhiteElo "2466"]
[BlackElo "2652"]
[WhiteTeam "GER"]
[BlackTeam "NED"]
[WhiteClock "0:00:26"]
[BlackClock "0:02:56"]
[Variant "Standard"]

1. e4 {[%clk 2:00:27]}  c6 {[%clk 1:59:13]} 2. d4 {[%clk 2:00:30]}  d5 {[%clk 1:58:37]} 3. Nc3 {[%clk 1:59:04]}  dxe4 {[%clk 1:58:39]} 4. Nxe4 {[%clk 1:59:15]}  Nf6 {[%clk 1:58:48]} 5. Nxf6+ {[%clk 1:58:53]}  exf6 {[%clk 1:58:57]} 6. c3 {[%clk 1:59:04]}  Bd6 {[%clk 1:58:21]} 7. Bd3 {[%clk 1:59:07]}  O-O {[%clk 1:58:25]} 8. Ne2 {[%clk 1:57:56]}  c5 {[%clk 1:48:53]} 9. Be3 {[%clk 1:51:24]}  Qc7 {[%clk 1:48:47]} 10. Qc2 {[%clk 1:47:45]}  g6 {[%clk 1:48:02]} 11. dxc5 {[%clk 1:45:03]}  Bxc5 {[%clk 1:47:10]} 12. Bxc5 {[%clk 1:44:59]}  Qxc5 {[%clk 1:47:21]} 13. O-O {[%clk 1:45:00]}  Nc6 {[%clk 1:44:51]} 14. Rad1 {[%clk 1:42:12]}  Re8 {[%clk 1:35:01]} 15. Rfe1 {[%clk 1:38:04]}  Be6 {[%clk 1:29:10]} 16. Be4 {[%clk 1:32:10]}  Rac8 {[%clk 1:21:25]} 17. b3 {[%clk 1:24:20]}  b6 {[%clk 1:12:09]} 18. Bxc6 {[%clk 1:17:38]}  Rxc6 {[%clk 1:05:51]} 19. Nf4 {[%clk 1:17:06]}  Kg7 {[%clk 1:03:57]} 20. c4 {[%clk 1:10:41]}  Rd6 {[%clk 0:54:56]} 21. Rxd6 {[%clk 1:08:50]}  Qxd6 {[%clk 0:54:42]} 22. Nxe6+ {[%clk 1:06:02]}  Rxe6 {[%clk 0:54:52]} 23. Rd1 {[%clk 1:05:26]}  Qe7 {[%clk 0:53:29]} 24. Kf1 {[%clk 1:05:05]}  a5 {[%clk 0:52:14]} 25. g3 {[%clk 1:04:16]}  Re5 {[%clk 0:46:51]} 26. Qc3 {[%clk 0:52:15]}  Qb7 {[%clk 0:42:52]} 27. Kg1 {[%clk 0:52:13]}  Qe7 {[%clk 0:34:28]} 28. Qd4 {[%clk 0:47:38]}  Qe6 {[%clk 0:32:57]} 29. h4 {[%clk 0:41:20]}  h5 {[%clk 0:31:20]} 30. Rd3 {[%clk 0:36:19]}  Re1+ {[%clk 0:29:10]} 31. Kg2 {[%clk 0:29:22]}  Qe2 {[%clk 0:28:39]} 32. Re3 {[%clk 0:29:12]}  Qf1+ {[%clk 0:27:36]} 33. Kf3 {[%clk 0:29:25]}  Rd1 {[%clk 0:23:31]} 34. Qc3 {[%clk 0:25:14]}  Qh1+ {[%clk 0:20:47]} 35. Ke2 {[%clk 0:25:16]}  Qf1+ {[%clk 0:18:13]} 36. Kf3 {[%clk 0:25:29]}  Qh1+ {[%clk 0:18:23]} 37. Ke2 {[%clk 0:25:33]}  Ra1 {[%clk 0:18:25]} 38. Qc2 {[%clk 0:24:58]}  Re1+ {[%clk 0:16:31]} 39. Kd2 {[%clk 0:24:46]}  Rf1 {[%clk 0:16:05]} 40. Kd3 {[%clk 0:20:39]}  Rc1 {[%clk 0:06:45]} 41. Qb2 {[%clk 0:16:36]}  Qd1+ {[%clk 0:06:42]} 42. Qd2 {[%clk 0:16:23]}  Qg1 {[%clk 0:06:19]} 43. Ke2 {[%clk 0:15:38]}  a4 {[%clk 0:04:16]} 44. Rc3 {[%clk 0:12:11]}  Qf1+ {[%clk 0:04:28]} 45. Kf3 {[%clk 0:12:14]}  Rd1 {[%clk 0:04:33]} 46. Qc2 {[%clk 0:12:10]}  Qh1+ {[%clk 0:04:23]} 47. Kf4 {[%clk 0:11:01]}  a3 {[%clk 0:04:29]} 48. b4 {[%clk 0:10:45]}  Qe1 {[%clk 0:02:07]} 49. Re3 {[%clk 0:09:43]}  Rd2 {[%clk 0:01:07]} 50. Rxe1 {[%clk 0:08:57]}  Rxc2 {[%clk 0:01:21]} 51. Kf3 {[%clk 0:06:17]}  Rxa2 {[%clk 0:01:34]} 52. c5 {[%clk 0:04:49]}  bxc5 {[%clk 0:01:11]} 53. bxc5 {[%clk 0:05:03]}  Rc2 {[%clk 0:01:25]} 54. Ra1 {[%clk 0:05:05]}  Rc3+ {[%clk 0:01:20]} 55. Ke4 {[%clk 0:05:19]}  Kf8 {[%clk 0:00:52]} 56. Kd5 {[%clk 0:05:07]}  Ke7 {[%clk 0:01:06]} 57. Kc6 {[%clk 0:04:59]}  Kd8 {[%clk 0:01:19]} 58. Rd1+ {[%clk 0:04:20]}  Kc8 {[%clk 0:01:33]} 59. Re1 {[%clk 0:03:30]}  Kd8 {[%clk 0:01:47]} 60. Rd1+ {[%clk 0:03:43]}  Kc8 {[%clk 0:02:01]} 61. Re1 {[%clk 0:03:58]}  Kb8 {[%clk 0:01:36]} 62. Rb1+ {[%clk 0:04:12]}  Ka7 {[%clk 0:00:52]} 63. Rb4 {[%clk 0:04:26]}  Rd3 {[%clk 0:01:04]} 64. Ra4+ {[%clk 0:04:04]}  Kb8 {[%clk 0:01:18]} 65. Rb4+ {[%clk 0:03:45]}  Ka7 {[%clk 0:01:31]} 66. Ra4+ {[%clk 0:03:59]}  Kb8 {[%clk 0:01:45]} 67. Rb4+ {[%clk 0:04:14]}  Kc8 {[%clk 0:01:55]} 68. Ra4 {[%clk 0:04:28]}  Kd8 {[%clk 0:01:29]} 69. Ra7 {[%clk 0:04:07]}  Rc3 {[%clk 0:01:13]} 70. Kd6 {[%clk 0:03:33]}  Rd3+ {[%clk 0:01:27]} 71. Kc6 {[%clk 0:03:48]}  Rc3 {[%clk 0:00:39]} 72. Kd6 {[%clk 0:04:00]}  Kc8 {[%clk 0:00:45]} 73. Kc6 {[%clk 0:03:58]}  Kb8 {[%clk 0:00:58]} 74. Rb7+ {[%clk 0:04:09]}  Ka8 {[%clk 0:01:12]} 75. Rb4 {[%clk 0:04:23]}  g5 {[%clk 0:00:49]} 76. Rb5 {[%clk 0:02:13]}  Ka7 {[%clk 0:00:53]} 77. Ra5+ {[%clk 0:02:22]}  Kb8 {[%clk 0:01:07]} 78. Rb5+ {[%clk 0:01:57]}  Ka7 {[%clk 0:01:21]} 79. Ra5+ {[%clk 0:02:11]}  Kb8 {[%clk 0:01:35]} 80. Rb5+ {[%clk 0:02:26]}  Kc8 {[%clk 0:01:49]} 81. Ra5 {[%clk 0:02:40]}  Kd8 {[%clk 0:01:54]} 82. Ra7 {[%clk 0:02:26]}  g4 {[%clk 0:01:42]} 83. Kd6 {[%clk 0:02:07]}  Rd3+ {[%clk 0:01:54]} 84. Kc6 {[%clk 0:02:21]}  Rc3 {[%clk 0:02:08]} 85. Kd6 {[%clk 0:02:35]}  Kc8 {[%clk 0:02:15]} 86. Kc6 {[%clk 0:02:49]}  Kb8 {[%clk 0:02:29]} 87. Rb7+ {[%clk 0:03:02]}  Ka8 {[%clk 0:02:43]} 88. Rb5 {[%clk 0:03:14]}  Ka7 {[%clk 0:02:53]} 89. Ra5+ {[%clk 0:03:27]}  Kb8 {[%clk 0:03:07]} 90. Rb5+ {[%clk 0:03:37]}  Ka7 {[%clk 0:03:21]} 91. Ra5+ {[%clk 0:03:46]}  Kb8 {[%clk 0:03:35]} 92. Rb5+ {[%clk 0:03:52]}  Kc8 {[%clk 0:03:49]} 93. Ra5 {[%clk 0:04:07]}  Kd8 {[%clk 0:04:03]} 94. Kd6 {[%clk 0:04:21]}  Rd3+ {[%clk 0:04:15]} 95. Kc6 {[%clk 0:04:36]}  f5 {[%clk 0:04:18]} 96. Ra7 {[%clk 0:04:20]}  f6 {[%clk 0:03:42]} 97. Kb5 {[%clk 0:04:17]}  Rb3+ {[%clk 0:03:40]} 98. Kc4 {[%clk 0:04:01]}  Rf3 {[%clk 0:03:53]} 99. Kd5 {[%clk 0:04:11]}  f4 {[%clk 0:02:35]} 100. gxf4 {[%clk 0:04:21]}  Rxf4 {[%clk 0:02:43]} 101. Rxa3 {[%clk 0:04:13]}  Rxf2 {[%clk 0:02:56]} 102. c6 {[%clk 0:03:35]}  Rd2+ {[%clk 0:02:26]} 103. Kc5 {[%clk 0:01:40]}  f5 {[%clk 0:02:29]} 104. Ra8+ {[%clk 0:01:50]}  Ke7 {[%clk 0:02:28]} 105. c7 {[%clk 0:01:46]}  Rc2+ {[%clk 0:02:39]} 106. Kb6 {[%clk 0:02:00]}  f4 {[%clk 0:02:40]} 107. Ra5 {[%clk 0:01:25]}  f3 {[%clk 0:02:37]} 108. Rf5 {[%clk 0:00:31]}  Ke6 {[%clk 0:02:51]} 109. Rf8 {[%clk 0:00:20]}  Ke5 {[%clk 0:02:58]} 110. Rh8 {[%clk 0:00:18]}  f2 {[%clk 0:02:42]} 111. Rxh5+ {[%clk 0:00:26]}  Ke4 {[%clk 0:02:56]} 0-1

[Event "Open"]
[Site "Maastricht, NL"]
[Date "2024.05.20"]
[Round "7"]
[White "Beerdsen, Thomas"]
[Black "Gloeckler, Christian"]
[Result "1-0"]
[Board "3"]
[WhiteFideId "1030108"]
[BlackFideId "34608966"]
[WhiteTitle "GM"]
[BlackTitle "FM"]
[WhiteElo "2501"]
[BlackElo "2322"]
[WhiteTeam "NED"]
[BlackTeam "GER"]
[WhiteClock "0:02:42"]
[BlackClock "0:29:14"]
[Variant "Standard"]

1. e4 {[%clk 2:00:14]}  c5 {[%clk 2:00:24]} 2. Nf3 {[%clk 2:00:22]}  d6 {[%clk 2:00:32]} 3. d4 {[%clk 2:00:18]}  cxd4 {[%clk 2:00:41]} 4. Nxd4 {[%clk 2:00:26]}  Nf6 {[%clk 2:00:42]} 5. Nc3 {[%clk 2:00:15]}  a6 {[%clk 2:00:43]} 6. h4 {[%clk 2:00:05]}  e5 {[%clk 2:00:12]} 7. Nb3 {[%clk 2:00:12]}  Be6 {[%clk 1:59:07]} 8. f4 {[%clk 2:00:11]}  exf4 {[%clk 1:57:43]} 9. Bxf4 {[%clk 2:00:18]}  Nc6 {[%clk 1:57:30]} 10. Qd2 {[%clk 1:59:46]}  d5 {[%clk 1:56:05]} 11. O-O-O {[%clk 1:58:07]}  Bb4 {[%clk 1:50:12]} 12. Bg5 {[%clk 1:46:54]}  Nxe4 {[%clk 1:49:02]} 13. Qe3 {[%clk 1:46:42]}  Nxg5 {[%clk 1:48:47]} 14. Nxd5 {[%clk 1:44:27]}  Bd6 {[%clk 1:45:00]} 15. Nb6 {[%clk 1:11:48]}  Qb8 {[%clk 1:25:10]} 16. Kb1 {[%clk 0:45:14]}  Bf4 {[%clk 1:12:13]} 17. Qd3 {[%clk 0:33:09]}  Qe5 {[%clk 1:06:47]} 18. Nxa8 {[%clk 0:31:17]}  Bf5 {[%clk 1:06:00]} 19. Nc7+ {[%clk 0:29:00]}  Kf8 {[%clk 1:05:38]} 20. Qe2 {[%clk 0:17:47]}  Ne4 {[%clk 0:49:57]} 21. Nd5 {[%clk 0:15:17]}  h5 {[%clk 0:41:49]} 22. Nxf4 {[%clk 0:12:38]}  Qxf4 {[%clk 0:41:58]} 23. Re1 {[%clk 0:08:21]}  a5 {[%clk 0:38:16]} 24. g3 {[%clk 0:07:12]}  Qxg3 {[%clk 0:36:08]} 25. Bg2 {[%clk 0:05:43]}  Nd6 {[%clk 0:33:59]} 26. Bxc6 {[%clk 0:04:08]}  bxc6 {[%clk 0:34:08]} 27. Qe5 {[%clk 0:02:47]}  Qxe5 {[%clk 0:30:30]} 28. Rxe5 {[%clk 0:03:00]}  f6 {[%clk 0:30:31]} 29. Rxa5 {[%clk 0:03:12]}  Kf7 {[%clk 0:30:10]} 30. Rd1 {[%clk 0:03:13]}  Nb5 {[%clk 0:29:24]} 31. a4 {[%clk 0:03:06]}  Bg4 {[%clk 0:29:24]} 32. Rd2 {[%clk 0:02:27]}  Nc7 {[%clk 0:29:08]} 33. Ra7 {[%clk 0:02:39]}  Rc8 {[%clk 0:29:14]} 34. Na5 {[%clk 0:02:42]} 1-0

[Event "Open"]
[Site "Maastricht, NL"]
[Date "2024.05.20"]
[Round "7"]
[White "Elgersma, Onno"]
[Black "Leenhouts, Koen"]
[Result "1/2-1/2"]
[Board "4"]
[WhiteFideId "1053531"]
[BlackFideId "1008439"]
[WhiteTitle "FM"]
[BlackTitle "GM"]
[WhiteElo "2327"]
[BlackElo "2453"]
[WhiteTeam "NED"]
[BlackTeam "NED"]
[WhiteClock "0:00:34"]
[BlackClock "0:08:54"]
[Variant "Standard"]

1. e4 {[%clk 2:00:27]}  c5 {[%clk 2:00:23]} 2. Nf3 {[%clk 2:00:14]}  e6 {[%clk 2:00:32]} 3. d4 {[%clk 1:59:21]}  cxd4 {[%clk 2:00:41]} 4. Nxd4 {[%clk 1:59:31]}  a6 {[%clk 2:00:49]} 5. Be2 {[%clk 1:51:50]}  Nf6 {[%clk 1:57:54]} 6. Qd3 {[%clk 1:51:05]}  d6 {[%clk 1:53:37]} 7. c4 {[%clk 1:49:11]}  Be7 {[%clk 1:53:27]} 8. Nc3 {[%clk 1:48:23]}  Nbd7 {[%clk 1:52:35]} 9. O-O {[%clk 1:46:18]}  Qc7 {[%clk 1:52:08]} 10. Qg3 {[%clk 1:39:29]}  g6 {[%clk 1:28:52]} 11. Be3 {[%clk 1:30:09]}  b6 {[%clk 1:25:39]} 12. Rac1 {[%clk 1:24:29]}  Bb7 {[%clk 1:24:48]} 13. f3 {[%clk 1:23:43]}  O-O {[%clk 1:21:59]} 14. b4 {[%clk 1:20:28]}  Rfe8 {[%clk 1:16:37]} 15. Rfd1 {[%clk 1:14:34]}  Rac8 {[%clk 1:15:54]} 16. Nb3 {[%clk 1:09:04]}  Qb8 {[%clk 1:01:39]} 17. a3 {[%clk 0:54:19]}  Bd8 {[%clk 0:58:45]} 18. Qf2 {[%clk 0:33:13]}  Bc7 {[%clk 0:54:51]} 19. g4 {[%clk 0:21:36]}  d5 {[%clk 0:43:54]} 20. f4 {[%clk 0:20:21]}  dxc4 {[%clk 0:40:46]} 21. Nd2 {[%clk 0:20:32]}  b5 {[%clk 0:40:17]} 22. g5 {[%clk 0:20:18]}  Nd5 {[%clk 0:30:21]} 23. exd5 {[%clk 0:19:52]}  exd5 {[%clk 0:30:34]} 24. Ba7 {[%clk 0:17:44]}  Qa8 {[%clk 0:29:02]} 25. Bd4 {[%clk 0:17:51]}  Qb8 {[%clk 0:28:24]} 26. Bg4 {[%clk 0:16:47]}  Re7 {[%clk 0:26:50]} 27. Re1 {[%clk 0:15:28]}  Rce8 {[%clk 0:27:01]} 28. Bxd7 {[%clk 0:14:56]}  Rxd7 {[%clk 0:26:59]} 29. Rxe8+ {[%clk 0:14:33]}  Qxe8 {[%clk 0:27:12]} 30. Re1 {[%clk 0:14:27]}  Re7 {[%clk 0:26:37]} 31. Rxe7 {[%clk 0:14:30]}  Qxe7 {[%clk 0:26:49]} 32. Qe3 {[%clk 0:10:21]}  Qxe3+ {[%clk 0:24:14]} 33. Bxe3 {[%clk 0:10:35]}  d4 {[%clk 0:24:13]} 34. Bxd4 {[%clk 0:10:47]}  Bxf4 {[%clk 0:24:23]} 35. Nde4 {[%clk 0:10:28]}  h5 {[%clk 0:23:12]} 36. gxh6 {[%clk 0:08:39]}  Bxh6 {[%clk 0:23:10]} 37. Nc5 {[%clk 0:08:37]}  Bc8 {[%clk 0:23:07]} 38. Nd5 {[%clk 0:08:17]}  Be6 {[%clk 0:22:34]} 39. Nf6+ {[%clk 0:07:51]}  Kf8 {[%clk 0:22:35]} 40. Nxa6 {[%clk 0:07:12]}  Bc1 {[%clk 0:22:37]} 41. Nc7 {[%clk 0:06:44]}  Bxa3 {[%clk 0:22:03]} 42. Bc3 {[%clk 0:06:50]}  Ke7 {[%clk 0:21:17]} 43. Ng8+ {[%clk 0:06:12]}  Kf8 {[%clk 0:19:40]} 44. Nxb5 {[%clk 0:05:19]}  Bxb4 {[%clk 0:19:37]} 45. Bxb4+ {[%clk 0:05:26]}  Kxg8 {[%clk 0:19:48]} 46. Nc7 {[%clk 0:05:20]}  Bh3 {[%clk 0:18:38]} 47. Kf2 {[%clk 0:05:14]}  Kg7 {[%clk 0:16:44]} 48. Kg3 {[%clk 0:04:49]}  Bf1 {[%clk 0:16:55]} 49. Nd5 {[%clk 0:04:33]}  g5 {[%clk 0:14:39]} 50. Bc3+ {[%clk 0:03:16]}  Kg6 {[%clk 0:14:39]} 51. Ne7+ {[%clk 0:01:42]}  Kh5 {[%clk 0:14:50]} 52. Bf6 {[%clk 0:01:25]}  Bd3 {[%clk 0:14:49]} 53. Nd5 {[%clk 0:00:21]}  Be4 {[%clk 0:12:52]} 54. Ne3 {[%clk 0:00:23]}  Bd3 {[%clk 0:12:54]} 55. Nd5 {[%clk 0:00:32]}  Be4 {[%clk 0:13:03]} 56. Nb6 {[%clk 0:00:36]}  Bd3 {[%clk 0:12:42]} 57. Nd7 {[%clk 0:00:33]}  Kg6 {[%clk 0:10:27]} 58. Bc3 {[%clk 0:00:27]}  f5 {[%clk 0:10:24]} 59. Nf8+ {[%clk 0:00:21]}  Kf7 {[%clk 0:09:21]} 60. Nd7 {[%clk 0:00:26]}  Kg6 {[%clk 0:09:26]} 61. Nf8+ {[%clk 0:00:23]}  Kf7 {[%clk 0:08:54]} 62. Nd7 {[%clk 0:00:34]}  Kg6 {[%clk 0:08:54]} 1/2-1/2

[Event "IM/GM Round-Robin"]
[Site "Heerlen and Maastricht"]
[Date "2024.05.15"]
[Round "1"]
[White "Kramer, Julian"]
[Black "Lodici, Lorenzo"]
[Result "1-0"]
[Board "1"]
[WhiteFideId "12921742"]
[BlackFideId "884189"]
[WhiteTitle "IM"]
[BlackTitle "GM"]
[WhiteElo "2479"]
[BlackElo "2563"]
[WhiteTeam "GER"]
[BlackTeam "ITA"]
[WhiteClock "0:03:27"]
[BlackClock "0:01:00"]
[Variant "Standard"]

1. e4 {[%clk 2:00:18]}  c5 {[%clk 2:00:09]} 2. Nf3 {[%clk 2:00:19]}  d6 {[%clk 2:00:19]} 3. d4 {[%clk 1:57:53]}  cxd4 {[%clk 2:00:02]} 4. Nxd4 {[%clk 1:58:03]}  Nf6 {[%clk 2:00:14]} 5. Bd3 {[%clk 1:57:51]}  e6 {[%clk 1:52:47]} 6. O-O {[%clk 1:55:39]}  Be7 {[%clk 1:52:55]} 7. c4 {[%clk 1:55:06]}  O-O {[%clk 1:53:04]} 8. Nc3 {[%clk 1:55:01]}  b6 {[%clk 1:53:02]} 9. b3 {[%clk 1:37:57]}  Bb7 {[%clk 1:53:07]} 10. Bb2 {[%clk 1:38:08]}  Nbd7 {[%clk 1:49:10]} 11. Qe2 {[%clk 1:35:27]}  Re8 {[%clk 1:42:01]} 12. Rad1 {[%clk 1:34:15]}  Qc7 {[%clk 1:41:18]} 13. f4 {[%clk 1:31:21]}  Rad8 {[%clk 1:37:55]} 14. Bb1 {[%clk 1:22:51]}  Qb8 {[%clk 1:31:04]} 15. f5 {[%clk 1:02:48]}  Bf8 {[%clk 1:28:11]} 16. fxe6 {[%clk 1:02:41]}  fxe6 {[%clk 1:28:25]} 17. Nf3 {[%clk 1:02:05]}  a6 {[%clk 1:25:12]} 18. Kh1 {[%clk 0:59:18]}  Bc6 {[%clk 1:15:21]} 19. b4 {[%clk 0:56:48]}  Rc8 {[%clk 1:10:07]} 20. a3 {[%clk 0:55:14]}  Ba8 {[%clk 1:02:46]} 21. Ba2 {[%clk 0:52:43]}  Kh8 {[%clk 1:01:26]} 22. Bb3 {[%clk 0:45:46]}  Qc7 {[%clk 0:58:52]} 23. Rc1 {[%clk 0:43:50]}  Qd8 {[%clk 0:52:21]} 24. Ng5 {[%clk 0:36:36]}  Qe7 {[%clk 0:49:35]} 25. Rcd1 {[%clk 0:27:40]}  h6 {[%clk 0:46:30]} 26. Nf3 {[%clk 0:27:31]}  Qf7 {[%clk 0:46:18]} 27. Nd2 {[%clk 0:26:00]}  Qg6 {[%clk 0:44:40]} 28. Rde1 {[%clk 0:20:59]}  d5 {[%clk 0:38:39]} 29. Ba4 {[%clk 0:18:08]}  dxc4 {[%clk 0:31:03]} 30. e5 {[%clk 0:16:09]}  b5 {[%clk 0:24:42]} 31. exf6 {[%clk 0:16:04]}  bxa4 {[%clk 0:24:55]} 32. Nce4 {[%clk 0:15:31]}  e5 {[%clk 0:22:13]} 33. fxg7+ {[%clk 0:14:14]}  Bxg7 {[%clk 0:22:27]} 34. Nxc4 {[%clk 0:14:20]}  Re6 {[%clk 0:20:21]} 35. Ng3 {[%clk 0:13:58]}  Rec6 {[%clk 0:15:52]} 36. Rc1 {[%clk 0:11:02]}  h5 {[%clk 0:15:01]} 37. Bxe5 {[%clk 0:08:25]}  h4 {[%clk 0:12:04]} 38. Bxg7+ {[%clk 0:08:31]}  Qxg7 {[%clk 0:12:18]} 39. Nf5 {[%clk 0:08:29]}  Qh7 {[%clk 0:06:01]} 40. Ne7 {[%clk 0:07:43]}  h3 {[%clk 0:01:47]} 41. Qb2+ {[%clk 0:07:11]}  Qg7 {[%clk 0:02:02]} 42. Qxg7+ {[%clk 0:06:44]}  Kxg7 {[%clk 0:02:16]} 43. Nxc8 {[%clk 0:06:22]}  hxg2+ {[%clk 0:01:00]} 44. Kxg2 {[%clk 0:06:32]}  Rxc8+ {[%clk 0:00:30]} 45. Kg3 {[%clk 0:06:24]}  Nf6 {[%clk 0:00:29]} 46. Nb6 {[%clk 0:05:41]}  Ne4+ {[%clk 0:00:43]} 47. Kf4 {[%clk 0:05:25]}  Rf8+ {[%clk 0:00:47]} 48. Ke3 {[%clk 0:05:33]}  Re8 {[%clk 0:00:56]} 49. Rg1+ {[%clk 0:05:27]}  Ng5+ {[%clk 0:00:31]} 50. Kf4 {[%clk 0:04:40]}  Kf6 {[%clk 0:00:46]} 51. Rxg5 {[%clk 0:03:56]}  Re4+ {[%clk 0:00:59]} 52. Kf3 {[%clk 0:03:57]}  Rc4+ {[%clk 0:00:16]} 53. Nxa8 {[%clk 0:04:04]}  Rxc1 {[%clk 0:00:29]} 54. Ra5 {[%clk 0:03:46]}  Rc3+ {[%clk 0:00:42]} 55. Kg4 {[%clk 0:03:48]}  Rxa3 {[%clk 0:00:56]} 56. Nb6 {[%clk 0:03:49]}  Ra2 {[%clk 0:00:57]} 57. Nd5+ {[%clk 0:03:26]}  Ke6 {[%clk 0:00:34]} 58. Nf4+ {[%clk 0:03:32]}  Kd7 {[%clk 0:00:48]} 59. h4 {[%clk 0:03:37]}  Kc6 {[%clk 0:00:59]} 60. h5 {[%clk 0:03:39]}  a3 {[%clk 0:01:06]} 61. h6 {[%clk 0:03:29]}  Rh2 {[%clk 0:01:20]} 62. Nh3 {[%clk 0:03:08]}  Rg2+ {[%clk 0:00:56]} 63. Kh4 {[%clk 0:03:07]}  Rg6 {[%clk 0:00:49]} 64. Kh5 {[%clk 0:03:16]}  Rg3 {[%clk 0:01:00]} 65. Ng5 {[%clk 0:03:27]} 1-0

[Event "IM/GM Round-Robin"]
[Site "Heerlen and Maastricht"]
[Date "2024.05.15"]
[Round "1"]
[White "Van Dael, Siem"]
[Black "Ernst, Sipke"]
[Result "1/2-1/2"]
[Board "2"]
[WhiteFideId "1049771"]
[BlackFideId "1004689"]
[WhiteTitle "FM"]
[BlackTitle "GM"]
[WhiteElo "2275"]
[BlackElo "2528"]
[WhiteTeam "NED"]
[BlackTeam "NED"]
[WhiteClock "0:26:41"]
[BlackClock "0:31:30"]
[Variant "Standard"]

1. e4 {[%clk 2:00:26]}  e5 {[%clk 2:00:19]} 2. Nf3 {[%clk 2:00:34]}  Nc6 {[%clk 2:00:27]} 3. Bc4 {[%clk 2:00:45]}  Nf6 {[%clk 2:00:37]} 4. d3 {[%clk 2:00:40]}  Be7 {[%clk 2:00:24]} 5. Nc3 {[%clk 2:00:13]}  d6 {[%clk 1:59:20]} 6. a4 {[%clk 1:59:46]}  Bg4 {[%clk 1:55:11]} 7. h3 {[%clk 1:59:44]}  Bxf3 {[%clk 1:55:22]} 8. Qxf3 {[%clk 1:59:51]}  Nd4 {[%clk 1:55:31]} 9. Qd1 {[%clk 1:59:59]}  c6 {[%clk 1:51:56]} 10. O-O {[%clk 1:53:04]}  Ne6 {[%clk 1:51:10]} 11. Bxe6 {[%clk 1:41:10]}  fxe6 {[%clk 1:51:15]} 12. d4 {[%clk 1:41:20]}  exd4 {[%clk 1:41:40]} 13. Qxd4 {[%clk 1:41:26]}  Qc7 {[%clk 1:36:19]} 14. Re1 {[%clk 1:38:18]}  Kf7 {[%clk 1:27:15]} 15. Bf4 {[%clk 1:34:26]}  Rhd8 {[%clk 1:16:46]} 16. Qc4 {[%clk 1:29:50]}  Ne8 {[%clk 1:06:54]} 17. Re3 {[%clk 1:18:23]}  Qd7 {[%clk 1:04:17]} 18. e5 {[%clk 1:05:10]}  d5 {[%clk 1:00:11]} 19. Qd3 {[%clk 1:04:37]}  Kg8 {[%clk 1:00:11]} 20. Rg3 {[%clk 1:04:03]}  c5 {[%clk 0:47:49]} 21. h4 {[%clk 0:58:29]}  Qc6 {[%clk 0:40:25]} 22. h5 {[%clk 0:44:25]}  Rd7 {[%clk 0:40:31]} 23. Rd1 {[%clk 0:40:33]}  Rad8 {[%clk 0:31:30]} 24. Rg4 {[%clk 0:26:41]} 1/2-1/2

[Event "IM/GM Round-Robin"]
[Site "Heerlen and Maastricht"]
[Date "2024.05.15"]
[Round "1"]
[White "Vandenbussche, Thibaut"]
[Black "Fier, Alexandr"]
[Result "0-1"]
[Board "3"]
[WhiteFideId "204412"]
[BlackFideId "2107139"]
[WhiteTitle "IM"]
[BlackTitle "GM"]
[WhiteElo "2424"]
[BlackElo "2574"]
[WhiteTeam "BEL"]
[BlackTeam "BRA"]
[WhiteClock "0:00:17"]
[BlackClock "0:41:37"]
[Variant "Standard"]

1. e4 {[%clk 2:00:29]}  c5 {[%clk 2:00:10]} 2. Nf3 {[%clk 2:00:37]}  Nc6 {[%clk 2:00:20]} 3. Bb5 {[%clk 2:00:45]}  Nf6 {[%clk 2:00:05]} 4. Nc3 {[%clk 2:00:21]}  Nd4 {[%clk 1:59:46]} 5. e5 {[%clk 1:59:46]}  Nxb5 {[%clk 1:59:56]} 6. Nxb5 {[%clk 1:59:57]}  Nd5 {[%clk 2:00:06]} 7. O-O {[%clk 1:59:17]}  a6 {[%clk 2:00:14]} 8. Nc3 {[%clk 1:58:20]}  Nxc3 {[%clk 2:00:23]} 9. dxc3 {[%clk 1:58:32]}  d5 {[%clk 1:54:55]} 10. exd6 {[%clk 1:58:31]}  Qxd6 {[%clk 1:55:00]} 11. Qe2 {[%clk 1:58:27]}  f6 {[%clk 1:40:10]} 12. Nd2 {[%clk 1:50:22]}  Qc6 {[%clk 1:39:30]} 13. a4 {[%clk 1:41:55]}  b6 {[%clk 1:35:01]} 14. Nc4 {[%clk 1:37:33]}  Bb7 {[%clk 1:34:46]} 15. f3 {[%clk 1:37:41]}  e6 {[%clk 1:30:21]} 16. Re1 {[%clk 1:29:40]}  Kf7 {[%clk 1:29:35]} 17. Qe4 {[%clk 1:22:49]}  b5 {[%clk 1:24:20]} 18. Na5 {[%clk 1:19:32]}  Qxe4 {[%clk 1:24:24]} 19. fxe4 {[%clk 1:19:45]}  Bc8 {[%clk 1:24:33]} 20. Rd1 {[%clk 1:08:06]}  Be7 {[%clk 1:20:36]} 21. Be3 {[%clk 1:05:04]}  b4 {[%clk 1:13:22]} 22. Nc6 {[%clk 0:54:30]}  bxc3 {[%clk 1:13:10]} 23. bxc3 {[%clk 0:52:43]}  e5 {[%clk 1:09:19]} 24. Nxe7 {[%clk 0:46:08]}  Kxe7 {[%clk 1:09:28]} 25. Bxc5+ {[%clk 0:44:25]}  Kf7 {[%clk 1:09:23]} 26. Rab1 {[%clk 0:43:13]}  a5 {[%clk 1:07:03]} 27. Rb6 {[%clk 0:38:45]}  h5 {[%clk 1:06:10]} 28. h3 {[%clk 0:37:23]}  Ra6 {[%clk 1:03:56]} 29. Kf2 {[%clk 0:29:57]}  Kg6 {[%clk 1:02:39]} 30. Ke3 {[%clk 0:28:04]}  h4 {[%clk 1:02:17]} 31. c4 {[%clk 0:21:19]}  Rh5 {[%clk 0:57:28]} 32. Rdd6 {[%clk 0:11:14]}  Rxb6 {[%clk 0:57:19]} 33. Rxb6 {[%clk 0:11:25]}  Rg5 {[%clk 0:56:58]} 34. Kf2 {[%clk 0:11:21]}  Bd7 {[%clk 0:56:33]} 35. Be3 {[%clk 0:10:01]}  Rh5 {[%clk 0:56:45]} 36. Ra6 {[%clk 0:05:44]}  Bxa4 {[%clk 0:56:39]} 37. Rxa5 {[%clk 0:05:55]}  Bc6 {[%clk 0:53:40]} 38. Rc5 {[%clk 0:04:24]}  Bxe4 {[%clk 0:53:50]} 39. c3 {[%clk 0:03:36]}  Rh8 {[%clk 0:54:00]} 40. Rb5 {[%clk 0:02:16]}  Ra8 {[%clk 0:54:09]} 41. Rb2 {[%clk 0:02:21]}  Ra3 {[%clk 0:54:11]} 42. Bd2 {[%clk 0:02:02]}  Kf5 {[%clk 0:54:22]} 43. c5 {[%clk 0:00:56]}  Ra4 {[%clk 0:54:05]} 44. Rb4 {[%clk 0:00:39]}  Ra2 {[%clk 0:54:14]} 45. Ke3 {[%clk 0:00:50]}  Bxg2 {[%clk 0:54:12]} 46. Rxh4 {[%clk 0:00:59]}  g5 {[%clk 0:54:07]} 47. Rh7 {[%clk 0:00:33]}  Kg6 {[%clk 0:54:17]} 48. Rh8 {[%clk 0:00:36]}  f5 {[%clk 0:54:15]} 49. Bc1 {[%clk 0:00:20]}  Rc2 {[%clk 0:52:31]} 50. Bd2 {[%clk 0:00:21]}  Ra2 {[%clk 0:52:18]} 51. Bc1 {[%clk 0:00:25]}  Bd5 {[%clk 0:49:04]} 52. Rd8 {[%clk 0:00:20]}  Bc4 {[%clk 0:41:06]} 53. c6 {[%clk 0:00:34]}  f4+ {[%clk 0:41:16]} 54. Kf3 {[%clk 0:00:23]}  Bb5 {[%clk 0:41:28]} 55. h4 {[%clk 0:00:17]}  Bxc6+ {[%clk 0:41:37]} 0-1